000 00455nam a2200181Ia 4500
005 20250317131132.0
008 008 250317s9999 xx 000 0 eng d
037 _aTextbook
040 _aFMSL
_beng
_cFMSL
041 _aeng
_2eng
084 _qFMSL
100 _aMorris W T
_9737547
245 0 _aManagement for action
260 _aB.D
_bB.D, Taraporevela
_c1979
300 _a232p
942 _cTB
999 _c1266826
_d1266826